| Tag |
First Indicator |
Second Indicator |
Subfields |
| LEADER |
00000pam a2200000 a 4500 |
| 001 |
in00000090719 |
| 005 |
20150923130940.0 |
| 008 |
820303s1982 nyuk b 00110 eng |
| 010 |
|
|
|a 82004218
|
| 020 |
|
|
|a 0835214885 :
|c $35.00 (est.)
|
| 035 |
|
|
|a (OCoLC)08283693
|
| 035 |
|
|
|9 AAK6558AM
|
| 039 |
0 |
|
|a 2
|b 3
|c 3
|d 3
|e 3
|
| 040 |
|
|
|a DLC
|c DLC
|d TXA
|d UtOrBLW
|
| 043 |
|
|
|a n-us---
|
| 049 |
|
|
|a TXAF
|c [802536]
|
| 050 |
0 |
0 |
|a KF2994
|b .J63 1982
|
| 082 |
0 |
|
|a 346.7304/82
|a 347.306482
|2 19
|
| 100 |
1 |
|
|a Johnston, Donald F.
|
| 245 |
1 |
0 |
|a Copyright handbook /
|c Donald F. Johnston.
|
| 250 |
|
|
|a 2nd ed.
|
| 264 |
|
1 |
|a New York :
|b R.R. Bowker,
|c 1982.
|
| 300 |
|
|
|a xix, 381 pages :
|b forms ;
|c 24 cm.
|
| 336 |
|
|
|a text
|b txt
|2 rdacontent
|
| 337 |
|
|
|a unmediated
|b n
|2 rdamedia
|
| 338 |
|
|
|a volume
|b nc
|2 rdacarrier
|
| 504 |
|
|
|a Includes bibliographical references and index.
|
| 650 |
|
0 |
|a Copyright
|z United States.
|
| 999 |
|
|
|a MARS
|
| 999 |
f |
f |
|s d772403b-ee11-3787-bef3-6c2e8f530f51
|i ba266a65-f576-347e-bb8c-b953ef96e4a1
|t 0
|
| 952 |
f |
f |
|p ric
|a Texas A&M University
|b Rellis Campus
|c Joint Library Facility
|d Remote Storage
|t 0
|e KF2994 .J63 1982
|h Library of Congress classification
|i unmediated -- volume
|m A14805966232
|
| 998 |
f |
f |
|a KF2994 .J63 1982
|t 0
|l Remote Storage
|